[Event "Odoev-ch"]
[Site "Odoev"]
[Date "2018.06.02"]
[Round "6"]
[White "Golovin, Nikolay M"]
[Black "Aghasiyeva, Fidan Aydin Qizi"]
[Result "0-1"]
[WhiteElo "2188"]
[BlackElo "2199"]
[PlyCount "76"]
[EventDate "2018.05.28"]
[EventType "swiss"]
[EventRounds "9"]
[EventCountry "RUS"]
[SourceTitle "EXT 2019"]
[Source "ChessBase"]
[SourceDate "2018.10.10"]
[SourceVersion "1"]
[SourceVersionDate "2018.10.10"]
[SourceQuality "1"]

1. e4 e5 2. Nf3 Nc6 3. d4 exd4 4. Nxd4 Bc5 5. Nb3 Bb4+ 6. Bd2 Qe7 7. Bd3 Bxd2+ 8. Qxd2 Nf6 9. Nc3 d6 10. 0-0-0 0-0 11. Rde1 a5 12. a4 Be6 13. Nd5 Qd8 14. Re3 Ne5 15. Rg3 c6 16. Nxf6+ Qxf6 17. f4 Nd7 18. Rf1 Bxb3 19. e5 dxe5 20. fxe5 Qxe5 21. cxb3 Nc5 22. Bc2 Rad8 23. Qh6 Nd3+ 24. Bxd3 Rxd3 25. Qf4 Qc5+ 26. Kb1 Rxg3 27. Qxg3 g6 28. Qf3 Qe5 29. h3 f5 30. Ka2 Rd8 31. Rf2 Rd4 32. Re2 Re4 33. Rd2 Qe6 34. Ka3 b5 35. axb5 cxb5 36. Rd8+ Kf7 37. Qd3 Ra4+ 38. bxa4 b4# 0-1

[Event "Odoev-ch"]
[Site "Odoev"]
[Date "2018.05.29"]
[Round "2"]
[White "Biriukov, Alexander"]
[Black "Aghasiyeva, Fidan Aydin Qizi"]
[Result "0-1"]
[WhiteElo "2047"]
[BlackElo "2199"]
[PlyCount "114"]
[EventDate "2018.05.28"]
[EventType "swiss"]
[EventRounds "9"]
[EventCountry "RUS"]
[SourceTitle "EXT 2019"]
[Source "ChessBase"]
[SourceDate "2018.10.10"]
[SourceVersion "1"]
[SourceVersionDate "2018.10.10"]
[SourceQuality "1"]

1. e4 c5 2. Nf3 Nc6 3. Bb5 a6 4. Bxc6 dxc6 5. 0-0 Bg4 6. h3 Bh5 7. d3 f6 8. Be3 e5 9. Nbd2 g5 10. Nb3 b6 11. a4 a5 12. Nbd2 Bf7 13. Nh2 h5 14. g3 Bd6 15. f4 exf4 16. gxf4 gxf4 17. Bxf4 Be6 18. Bxd6 Qxd6 19. Qf3 0-0-0 20. Nc4 Bxc4 21. dxc4 Qd4+ 22. Kh1 Qxc4 23. Qf5+ Kc7 24. Qg6 Ne7 25. Qg3+ Kb7 26. Rxf6 Qxe4+ 27. Qg2 Qxg2+ 28. Kxg2 Rd2+ 29. Rf2 Rxf2+ 30. Kxf2 Nd5 31. Kg3 Rg8+ 32. Kh4 Rg2 33. Nf3 Nf4 34. Rf1 Rxc2 35. Ne1 Rc4 36. b3 Re4 37. Nc2 Ka6 38. Kg3 Nd5 39. Rf5 Re2 40. Na3 Re3+ 41. Rf3 Re5 42. Nc4 Re6 43. h4 b5 44. Nb2 Rh6 45. Rf5 bxa4 46. bxa4 Rh8 47. Rxh5 Rb8 48. Nd3 c4 49. Nc5+ Ka7 50. Rh7+ Ka8 51. Kg4 c3 52. Rh6 c2 53. Nd3 Rg8+ 54. Kf5 Kb7 55. h5 Rg3 56. Ke4 Rxd3 57. Kxd3 c1Q 0-1

[Event "Odoev-ch"]
[Site "Odoev"]
[Date "2018.05.28"]
[Round "1"]
[White "Aghasiyeva, Fidan Aydin Qizi"]
[Black "Domogaev, Sergey"]
[Result "0-1"]
[WhiteElo "2199"]
[BlackElo "2412"]
[PlyCount "52"]
[EventDate "2018.05.28"]
[EventType "swiss"]
[EventRounds "9"]
[EventCountry "RUS"]
[SourceTitle "EXT 2019"]
[Source "ChessBase"]
[SourceDate "2018.10.10"]
[SourceVersion "1"]
[SourceVersionDate "2018.10.10"]
[SourceQuality "1"]

1. b4 e6 2. Bb2 Nf6 3. b5 d5 4. e3 c5 5. Be2 Nbd7 6. d3 Qa5+ 7. Nd2 Qxb5 8. Bxf6 Nxf6 9. Ngf3 Be7 10. 0-0 0-0 11. c4 Qa5 12. Qb3 Rd8 13. d4 cxd4 14. exd4 Ne4 15. Qe3 Nxd2 16. Nxd2 dxc4 17. Nxc4 Qd5 18. Rfd1 Bd7 19. Ne5 Ba4 20. Bc4 Qd6 21. Rd3 Bf6 22. Re1 b5 23. Bb3 Bxb3 24. axb3 Rac8 25. Qe4 Bxe5 26. Qxe5 Qxe5 0-1

[Event "Reviakino"]
[Site "Reviakino"]
[Date "2017.12.27"]
[Round "10"]
[White "Gusev, Aleksey"]
[Black "Aghasiyeva, Fidan Aydin Qizi"]
[Result "1-0"]
[WhiteElo "2398"]
[BlackElo "2163"]
[PlyCount "75"]
[EventDate "2017.12.22"]
[EventType "tourn"]
[EventRounds "13"]
[EventCountry "RUS"]
[SourceTitle "CBM 182 Extra"]
[Source "ChessBase"]
[SourceDate "2018.02.23"]
[SourceVersion "1"]
[SourceVersionDate "2018.02.23"]
[SourceQuality "1"]

1. d4 Nf6 2. Nc3 g6 3. e4 d6 4. Nf3 Bg7 5. Be2 0-0 6. 0-0 Nbd7 7. h3 c6 8. Be3 e5 9. dxe5 dxe5 10. Qd6 Ne8 11. Qd3 Nc7 12. Rad1 Ne6 13. Qd6 Bf6 14. Bc4 Re8 15. Bb3 Be7 16. Qd2 Nec5 17. Bxc5 Bxc5 18. Qh6 Bf8 19. Bxf7+ Kh8 20. Qe3 Re7 21. Bb3 Qe8 22. Na4 Rg7 23. Ng5 b5 24. Nc3 Nc5 25. Rd2 a5 26. Rfd1 Bd7 27. a4 b4 28. Ne2 h6 29. Nf3 Kh7 30. Nc1 g5 31. Nd3 Nxd3 32. Rxd3 g4 33. Nxe5 Qxe5 34. Rxd7 Bc5 35. Rxg7+ Kxg7 36. Rd7+ Kg6 37. Bf7+ Kh7 38. Be6+ 1-0

[Event "Reviakino"]
[Site "Reviakino"]
[Date "2017.12.24"]
[Round "4"]
[White "Postypalskiy, Mihail"]
[Black "Aghasiyeva, Fidan Aydin Qizi"]
[Result "1/2-1/2"]
[WhiteElo "2381"]
[BlackElo "2163"]
[PlyCount "64"]
[EventDate "2017.12.22"]
[EventType "tourn"]
[EventRounds "13"]
[EventCountry "RUS"]
[SourceTitle "CBM 182 Extra"]
[Source "ChessBase"]
[SourceDate "2018.02.23"]
[SourceVersion "1"]
[SourceVersionDate "2018.02.23"]
[SourceQuality "1"]

1. c4 Nf6 2. Nc3 g6 3. g3 Bg7 4. Bg2 0-0 5. d3 d6 6. Nf3 e5 7. 0-0 c6 8. Rb1 h6 9. b4 Be6 10. b5 Nbd7 11. bxc6 bxc6 12. Qa4 Qc7 13. Ba3 Rfc8 14. Rfc1 Rab8 15. Nd2 Rxb1 16. Rxb1 d5 17. cxd5 cxd5 18. Rc1 Qb6 19. Nb3 h5 20. Nxd5 Rxc1+ 21. Bxc1 Nxd5 22. Bxd5 Bxd5 23. Qxd7 Bxb3 24. axb3 Qxb3 25. Be3 Qd1+ 26. Kg2 Qxe2 27. Bxa7 Qa2 28. Be3 Qb3 29. Qc8+ Kh7 30. Qc4 Qb7+ 31. Qe4 Qb5 32. Qc4 Qb7+ 1/2-1/2